[Event "Mezinarodni turnaj - CALLIDITAS OPEN"]
[Site "Plzen"]
[Date "2020.08.23"]
[Round "1"]
[Board "26"]
[White "Hercik, Richard"]
[Black "Váchal, Josef"]
[Result "0-1"]
[WhiteElo "1401"]
[BlackElo "1808"]
[PlyCount "96"]
[EventDate "2020.08.23"]
[EventRounds "9"]
[EventCountry "CZE"]

1. e4 d5 2. exd5 Nf6 3. Nc3 Nxd5 4. Nf3 g6 5. d4 Bf5 6. a3 Bg7 7. Bc4 Nxc3 8.
bxc3 O-O 9. O-O c5 10. Bb2 Qc7 11. d5 Nd7 12. Nh4 Nb6 13. Bb5 Be4 14. Re1 Bxd5
15. a4 Bc4 16. Qf3 e6 17. Bc1 Bd5 18. Qh3 a6 19. Be2 Rad8 20. Ra3 Rd7 21. Nf3
f6 22. Qg4 e5 23. a5 Nc8 24. c4 f5 25. Qh4 Bxf3 26. Bxf3 e4 27. Bf4 Qd8 28. Bg5
Bf6 29. Bxf6 Qxf6 30. Qxf6 Rxf6 31. Bd1 Rfd6 32. Ra1 Kg7 33. c3 Rd3 34. Ba4 Re7
35. Re3 Rd2 36. Rd1 Rxd1+ 37. Bxd1 Rd7 38. Be2 Rd2 39. g4 Kf6 40. f3 Nd6 41.
fxe4 fxe4 42. h4 Ra2 43. g5+ Ke5 44. Bf1 Kf4 45. Re1 Nf5 46. Rd1 Nxh4 47. Bh3
Nf3+ 48. Kf1 e3  0-1

[Event "Mezinarodni turnaj - CALLIDITAS OPEN"]
[Site "Plzen"]
[Date "2020.08.23"]
[Round "1"]
[Board "28"]
[White "Fakan, Petr"]
[Black "Chudek, Lubomír"]
[Result "0-1"]
[WhiteElo "1360"]
[BlackElo "1785"]
[PlyCount "76"]
[EventDate "2020.08.23"]
[EventRounds "9"]
[EventCountry "CZE"]

1. e4 c5 2. Nf3 g6 3. d4 cxd4 4. Nxd4 Bg7 5. Be3 Nf6 6. Nc3 Nc6 7. Nxc6 bxc6 8.
Bc4 O-O 9. O-O e6 10. Kh1 d5 11. exd5 exd5 12. Bb3 Qc7 13. Qd2 Ba6 14. Rfd1
Rad8 15. Qd4 Ne4 16. Qxa7 Qxa7 17. Bxa7 Nxc3 18. bxc3 Bxc3 19. Rab1 Be2 20.
Rdc1 Ra8 21. Be3 Rfe8 22. Bc5 h5 23. a4 Re6 24. Ba3 Bd4 25. c4 dxc4 26. Bxc4
Bxc4 27. Rxc4 Bxf2 28. Rcb4 c5 29. Rb8+ Rxb8 30. Rxb8+ Kg7 31. g3 Rc6 32. a5
Bd4 33. Rb6 Rc8 34. Kg2 c4 35. Rb7 c3 36. Kf3 c2 37. Bc1 Ra8 38. Bd2 Rxa5  0-1

[Event "Mezinarodni turnaj - CALLIDITAS OPEN"]
[Site "Plzen"]
[Date "2020.08.23"]
[Round "1"]
[Board "29"]
[White "Lorenc, David"]
[Black "Konecný, Jakub"]
[Result "1-0"]
[WhiteElo "1772"]
[BlackElo "1245"]
[PlyCount "23"]
[EventDate "2020.08.23"]
[EventRounds "9"]
[EventCountry "CZE"]

1. e4 c6 2. Nc3 d5 3. Nf3 dxe4 4. Nxe4 Bf5 5. Ng3 Bg6 6. h4 h6 7. Bc4 e6 8. Ne5
Bh7 9. Qe2 Bd6 10. Nxf7 Kxf7 11. Qxe6+ Kf8 12. Qf7#  1-0

[Event "Mezinarodni turnaj - CALLIDITAS OPEN"]
[Site "Plzen"]
[Date "2020.08.23"]
[Round "1"]
[Board "30"]
[White "Roubal, František"]
[Black "Švanda, Radek"]
[Result "0-1"]
[WhiteElo "1208"]
[BlackElo "1764"]
[PlyCount "64"]
[EventDate "2020.08.23"]
[EventRounds "9"]
[EventCountry "CZE"]

1. d4 Nf6 2. Bf4 g6 3. Nf3 c5 4. c3 Qa5 5. Nbd2 Nc6 6. h3 cxd4 7. Nxd4 Nxd4 8.
cxd4 Bg7 9. e3 O-O 10. Bd3 d6 11. a3 Be6 12. b4 Qb6 13. Ne4 Nxe4 14. Bxe4 Bc4
15. Bd3 d5 16. O-O Rac8 17. Re1 Qc6 18. Rc1 b5 19. Bb1 Qb7 20. Qd2 Rc6 21. Rc3
Rfc8 22. Rec1 a6 23. Bc2 Qd7 24. Bd1 e6 25. Be5 f5 26. f4 Qe7 27. Bxg7 Kxg7 28.
Qb2 Qh4 29. Qf2 Qf6 30. g3 Qd8 31. Kh2 R8c7 32. Kg2 Bf1+  0-1

[Event "Mezinarodni turnaj - CALLIDITAS OPEN"]
[Site "Plzen"]
[Date "2020.08.23"]
[Round "1"]
[Board "31"]
[White "Vilímek, Vít"]
[Black "Hájek, Jindrich"]
[Result "1-0"]
[WhiteElo "1761"]
[BlackElo "1664"]
[PlyCount "119"]
[EventDate "2020.08.23"]
[EventRounds "9"]
[EventCountry "CZE"]

1. e4 e5 2. Nf3 Nc6 3. Nc3 Bc5 4. Nxe5 Bxf2+ 5. Kxf2 Nxe5 6. d4 Qf6+ 7. Ke1 Ng6
8. g3 d6 9. Bg2 c6 10. Rf1 Qe7 11. Kf2 Nf6 12. h3 O-O 13. Kg1 h6 14. Qf3 Nh7
15. Kh2 Bd7 16. Bd2 b5 17. Rae1 a5 18. Bf4 Ng5 19. Qe3 Rae8 20. e5 d5 21. Bxg5
Qxg5 22. Qxg5 hxg5 23. a4 b4 24. Na2 f6 25. exf6 Rxe1 26. f7+ Rxf7 27. Rxe1 Rf2
28. Nc1 Rxc2 29. Nb3 Rxb2 30. Nxa5 Kf7 31. Kg1 Ra2 32. Rc1 Ne7 33. Nb3 Rxa4 34.
Nc5 Ra7 35. Rb1 Nf5 36. Rxb4 Nxg3 37. Bf3 Kg6 38. Kf2 Nh5 39. Rb6 Nf4 40. Nxd7
Rxd7 41. Rxc6+ Kf7 42. Kg3 Rd8 43. Rc5 Kg6 44. Bg4 Rd6 45. Rc7 Kf6 46. h4 g6
47. hxg5+ Kxg5 48. Re7 Kf6 49. Re8 Nh5+ 50. Bxh5 gxh5 51. Re5 Rd8 52. Rxh5 Ke6
53. Re5+ Kd6 54. Rf5 Re8 55. Rf6+ Re6 56. Rxe6+ Kxe6 57. Kg4 Kf6 58. Kf4 Ke6
59. Kg5 Ke7 60. Kf5  1-0

[Event "Mezinarodni turnaj - CALLIDITAS OPEN"]
[Site "Plzen"]
[Date "2020.08.23"]
[Round "1"]
[Board "32"]
[White "Mastný, Václav"]
[Black "Navrátil, Ladislav"]
[Result "0-1"]
[WhiteElo "1574"]
[BlackElo "1746"]
[PlyCount "166"]
[EventDate "2020.08.23"]
[EventRounds "9"]
[EventCountry "CZE"]

1. f4 d5 2. g3 Nf6 3. Bg2 e6 4. Nf3 Bc5 5. Nc3 Bd7 6. Ne5 b5 7. e3 b4 8. Nxd7
Nbxd7 9. Ne2 h5 10. c3 a5 11. h4 Bb6 12. Qa4 c5 13. O-O O-O 14. d4 Qe7 15. Bd2
Rfc8 16. Rac1 Bd8 17. Qd1 cxd4 18. cxd4 Nb6 19. Kh2 Nc4 20. Bf3 Nxb2 21. Qb3
Nc4 22. Be1 Nd6 23. a3 Rxc1 24. Nxc1 Qc7 25. Nd3 bxa3 26. Qxa3 Qc2+ 27. Rf2 Qc6
28. Nc5 Nc4 29. Qd3 Nd6 30. Rc2 Rc8 31. Ra2 Bb6 32. Kh3 Bxc5 33. dxc5 Qxc5 34.
Rxa5 Qc4 35. Qxc4 Nxc4 36. Ra2 Nxe3 37. Bf2 Neg4 38. Bd4 Rc4 39. Rd2 Ne4 40.
Bxe4 dxe4 41. Bg1 Rc1 42. Kg2 Rc3 43. Bb6 Ne3+ 44. Bxe3 Rxe3 45. Rd8+ Kh7 46.
Rd7 Kg6 47. Kf2 Rd3 48. Rc7 Rd2+ 49. Kf1 Kf6 50. Rc5 g6 51. Re5 Rd4 52. Ke2 Ke7
53. Ra5 f5 54. Ke3 Rd5 55. Ra6 Rd3+ 56. Kf2 Rd6 57. Ra7+ Kf6 58. Ra5 Rd8 59.
Ra6 Re8 60. Ke3 Kf7 61. Ra5 Rb8 62. Ra7+ Kf6 63. Ra6 Rb3+ 64. Kf2 Rb2+ 65. Kf1
e3 66. Ra3 Rf2+ 67. Kg1 Rf3 68. Kg2 e2 69. Ra1 Re3 70. Kf2 e1=Q+ 71. Rxe1 Rxe1
72. Kxe1 e5 73. Kf2 e4 74. Ke3 Ke6 75. Kd4 Kd6 76. Kc4 Kc6 77. Kb4 Kd5 78. Kc3
Kc5 79. Kc2 Kd4 80. Kd2 e3+ 81. Kd1 Kd3 82. Ke1 e2 83. g4 fxg4  0-1

[Event "Mezinarodni turnaj - CALLIDITAS OPEN"]
[Site "Plzen"]
[Date "2020.08.24"]
[Round "2"]
[Board "1"]
[White "Hodan, Jirí"]
[Black "Eret, Matouš"]
[Result "0-1"]
[WhiteElo "1871"]
[BlackElo "2195"]
[PlyCount "44"]
[EventDate "2020.08.23"]
[EventRounds "9"]
[EventCountry "CZE"]

1. e4 c5 2. c3 d6 3. d4 Nd7 4. Nf3 e6 5. Bd3 Ngf6 6. O-O Be7 7. Nbd2 O-O 8. Re1
cxd4 9. cxd4 e5 10. dxe5 Nxe5 11. Nxe5 dxe5 12. Nc4 Bc5 13. b3 Ng4 14. Ne3 Qh4
15. Nxg4 Bxg4 16. Qd2 Rfd8 17. Rf1 Rd6 18. Qc2 Rc8 19. Qd2 Rh6 20. h3 Qg3 21.
Kh1 Rxh3+ 22. gxh3 Bf3#  0-1

[Event "Mezinarodni turnaj - CALLIDITAS OPEN"]
[Site "Plzen"]
[Date "2020.08.24"]
[Round "2"]
[Board "2"]
[White "Tscharotschkin, Michael"]
[Black "Jareš, Michal"]
[Result "1/2-1/2"]
[WhiteElo "2174"]
[BlackElo "1906"]
[PlyCount "100"]
[EventDate "2020.08.23"]
[EventRounds "9"]
[EventCountry "CZE"]

1. e4 c5 2. c3 d5 3. exd5 Qxd5 4. d4 cxd4 5. cxd4 e5 6. Nf3 exd4 7. Qxd4 Qxd4
8. Nxd4 Bc5 9. Nb3 Bb6 10. Nc3 Nf6 11. Bg5 Nbd7 12. Be2 O-O 13. O-O Nc5 14.
Bxf6 gxf6 15. Nd5 Nxb3 16. Nxf6+ Kg7 17. Nh5+ Kh6 18. axb3 Be6 19. Nf4 Bxb3 20.
Ra3 Be6 21. Nxe6 fxe6 22. Bf3 Rad8 23. Ra4 Rd2 24. Re4 Rf6 25. b4 Bd4 26. Re2
Rxe2 27. Bxe2 e5 28. g3 Rc6 29. Bd3 Rc3 30. Bf5 Rb3 31. Kg2 Rxb4 32. Rc1 Rb2
33. Rc2 Rxc2 34. Bxc2 b5 35. Kf3 a5 36. Bd3 b4 37. Bc2 Kg7 38. Ke2 h6 39. f3
Kf6 40. Kd3 Bg1 41. g4 Bxh2 42. Kc4 Kg5 43. Kb3 Kf4 44. Be4 Ke3 45. Bc6 Kd4 46.
Be8 Bg3 47. Bd7 Be1 48. Be8 Ke3 49. Bc6 Kf4 50. Be4 Bc3  1/2-1/2

[Event "Mezinarodni turnaj - CALLIDITAS OPEN"]
[Site "Plzen"]
[Date "2020.08.24"]
[Round "2"]
[Board "3"]
[White "Váchal, Josef"]
[Black "Arndt, Stefan"]
[Result "0-1"]
[WhiteElo "1808"]
[BlackElo "2168"]
[PlyCount "110"]
[EventDate "2020.08.23"]
[EventRounds "9"]
[EventCountry "CZE"]

1. Nf3 f5 2. c4 Nf6 3. Nc3 e6 4. g3 Be7 5. Bg2 O-O 6. O-O d6 7. d4 Ne4 8. Nd2
Nxc3 9. bxc3 e5 10. e4 f4 11. c5 Nc6 12. Nc4 Qe8 13. cxd6 cxd6 14. gxf4 exf4
15. Kh1 Qf7 16. Nd2 Bd7 17. Qb3 Na5 18. Qxf7+ Rxf7 19. Ba3 Rc8 20. e5 dxe5 21.
Bb4 Bxb4 22. cxb4 Nc4 23. Nxc4 Rxc4 24. Bd5 Rxd4 25. Bxf7+ Kxf7 26. a3 Bc6+ 27.
Kg1 Bf3 28. h3 g5 29. Rfc1 h5 30. Rc7+ Kf6 31. Rac1 a6 32. Rc8 g4 33. hxg4 hxg4
34. R8c4 Rd6 35. Kf1 Kf5 36. Rc5 Rh6 37. Ke1 Rh2 38. R5c3 Be4 39. Rd1 Bc6 40.
Rdc1 Ke4 41. Kf1 Bb5+ 42. Kg1 Rh5 43. Re1+ Kd4 44. Rc5 Bc6 45. Rd1+ Ke4 46. Rd6
Rh3 47. Re6 Rxa3 48. Rexe5+ Kd4 49. Re1 Rh3 50. Rd1+ Ke4 51. Rd6 Rb3 52. Rcxc6
bxc6 53. Rxc6 Kf3 54. Rc4 Rb1+ 55. Kh2 g3+  0-1

[Event "Mezinarodni turnaj - CALLIDITAS OPEN"]
[Site "Plzen"]
[Date "2020.08.24"]
[Round "2"]
[Board "4"]
[White "Hába, Zdenek"]
[Black "Janecek, Pavel"]
[Result "1-0"]
[WhiteElo "2163"]
[BlackElo "1900"]
[PlyCount "95"]
[EventDate "2020.08.23"]
[EventRounds "9"]
[EventCountry "CZE"]

1. d4 Nf6 2. c4 e5 3. dxe5 Ng4 4. Bf4 Nc6 5. Nf3 Bb4+ 6. Nbd2 Qe7 7. e3 Ngxe5
8. Nxe5 Nxe5 9. Be2 O-O 10. O-O Bxd2 11. Qxd2 d6 12. Qd5 Re8 13. Rac1 Be6 14.
Qxb7 Reb8 15. Qe4 f5 16. Qd4 Nc6 17. Qd2 a5 18. Bf3 Ra6 19. b3 Ne5 20. Be2 c5
21. Rfd1 g5 22. Bg3 h6 23. Qc3 Bf7 24. Rxd6 Rxd6 25. Bxe5 Re8 26. Bxd6 Qxd6 27.
Qxa5 f4 28. Rd1 Qe5 29. Qd2 fxe3 30. Qxe3 Qxe3 31. fxe3 Rxe3 32. Bf3 Re7 33.
Bd5 Re2 34. Bxf7+ Kxf7 35. Rd5 Rxa2 36. Rxc5 Rb2 37. Rb5 Ke6 38. h3 Rc2 39.
Rb6+ Kf5 40. Rxh6 Rb2 41. Rb6 Kf4 42. Kh2 g4 43. hxg4 Kxg4 44. c5 Kf5 45. b4
Ke5 46. b5 Kd5 47. c6 Kd6 48. Rb7  1-0

[Event "Mezinarodni turnaj - CALLIDITAS OPEN"]
[Site "Plzen"]
[Date "2020.08.24"]
[Round "2"]
[Board "5"]
[White "Mlcák, Viktor"]
[Black "Palek, Miroslav"]
[Result "0-1"]
[WhiteElo "1803"]
[BlackElo "2158"]
[PlyCount "80"]
[EventDate "2020.08.23"]
[EventRounds "9"]
[EventCountry "CZE"]

1. e4 c5 2. a3 Nc6 3. b4 e5 4. b5 Nd4 5. c3 Ne6 6. Nf3 Nf6 7. Nxe5 d6 8. Nf3
Nxe4 9. d4 d5 10. Be2 c4 11. Qc2 Qc7 12. Ne5 Nd6 13. a4 a6 14. bxa6 Rxa6 15.
O-O f6 16. Nf3 Be7 17. Re1 O-O 18. Nbd2 Nf4 19. Ba3 Qd8 20. Bxd6 Bxd6 21. Nf1
Re8 22. Ne3 Nxe2+ 23. Rxe2 Bf8 24. Nh4 Ra5 25. Qd1 Bd7 26. Rb2 Qa8 27. Qf3 Bc6
28. Rba2 b5 29. Nhf5 Rxa4 30. Rxa4 bxa4 31. Qg3 g6 32. Nh4 Qb8 33. Qf3 Qd6 34.
g3 Rb8 35. Nc2 Rb3 36. Ng2 Kf7 37. Nf4 Qd7 38. Ne2 Qb7 39. Kg2 Rb1 40. Ra2 Qb3
 0-1

[Event "Mezinarodni turnaj - CALLIDITAS OPEN"]
[Site "Plzen"]
[Date "2020.08.24"]
[Round "2"]
[Board "6"]
[White "Kozák, Miloš"]
[Black "Švanda, Adam"]
[Result "1/2-1/2"]
[WhiteElo "2135"]
[BlackElo "1852"]
[PlyCount "75"]
[EventDate "2020.08.23"]
[EventRounds "9"]
[EventCountry "CZE"]

1. d4 Nf6 2. c4 g6 3. g3 d5 4. cxd5 Nxd5 5. Nf3 Bg7 6. Bg2 O-O 7. O-O Nd7 8. e4
N5b6 9. Nc3 e5 10. Bg5 f6 11. Be3 c6 12. Qb3+ Kh8 13. Rfd1 Qe7 14. d5 cxd5 15.
exd5 f5 16. d6 Qf7 17. Qxf7 Rxf7 18. Ng5 Rf6 19. Nd5 Nxd5 20. Bxd5 h6 21. Ne6
Nb6 22. Bxb6 axb6 23. Nc7 Ra4 24. Ne8 Rf8 25. Nxg7 Kxg7 26. Bb3 Rd4 27. Rxd4
exd4 28. Rd1 Rd8 29. Rxd4 Kf6 30. f4 Be6 31. Bxe6 Kxe6 32. Kf2 Rxd6 33. Rxd6+
Kxd6 34. Ke3 Kc5 35. Kd3 b5 36. Kc3 b4+ 37. Kb3 Kb5 38. Kc2  1/2-1/2

[Event "Mezinarodni turnaj - CALLIDITAS OPEN"]
[Site "Plzen"]
[Date "2020.08.24"]
[Round "2"]
[Board "7"]
[White "Novotný, Ondrej"]
[Black "Lorenc, David"]
[Result "1-0"]
[WhiteElo "2031"]
[BlackElo "1772"]
[PlyCount "60"]
[EventDate "2020.08.23"]
[EventRounds "9"]
[EventCountry "CZE"]

1. e4 c5 2. b4 cxb4 3. a3 e6 4. axb4 d5 5. e5 Bxb4 6. c3 Be7 7. d4 Qb6 8. f4 h5
9. Nf3 Nc6 10. Bd3 Nh6 11. O-O Bd7 12. Ng5 Nf5 13. Kh1 Na5 14. Qe2 Rc8 15. Ba3
Bxa3 16. Rxa3 Nc4 17. Ra2 a6 18. Na3 Nxa3 19. Rxa3 Rc6 20. Rb1 Qc7 21. Qb2 b5
22. Rba1 O-O 23. Rxa6 Rxa6 24. Rxa6 Rc8 25. Bxf5 exf5 26. Kg1 g6 27. Rd6 Qb7
28. Rf6 Rf8 29. Qb4 Be8 30. Ne6 fxe6  1-0

[Event "Mezinarodni turnaj - CALLIDITAS OPEN"]
[Site "Plzen"]
[Date "2020.08.24"]
[Round "2"]
[Board "8"]
[White "Chudek, Lubomír"]
[Black "Novácek, Karel"]
[Result "1/2-1/2"]
[WhiteElo "1785"]
[BlackElo "2030"]
[PlyCount "127"]
[EventDate "2020.08.23"]
[EventRounds "9"]
[EventCountry "CZE"]

1. e4 e5 2. Nf3 Nc6 3. Bc4 Nf6 4. d3 Be7 5. O-O d6 6. h3 Na5 7. Nbd2 O-O 8. a3
Nxc4 9. Nxc4 h6 10. Nh2 c6 11. Kh1 b5 12. Ne3 Be6 13. Neg4 Qd7 14. Nxf6+ Bxf6
15. f4 exf4 16. Rxf4 Bg5 17. Rf1 Bxc1 18. Rxc1 f5 19. Qh5 Rf7 20. Rf3 fxe4 21.
dxe4 Re8 22. Rg3 Rf6 23. Rd1 Bf7 24. Qe2 Qe7 25. Ng4 Re6 26. Qd2 Kh7 27. Ne3 g6
28. Ng4 Qh4 29. Rf3 R8e7 30. Rdf1 Be8 31. Qc3 h5 32. Nf6+ Rxf6 33. Qxf6 Qxf6
34. Rxf6 Rxe4 35. Rxd6 Re2 36. Rff6 Kg7 37. Rfe6 Rxe6 38. Rxe6 Kf7 39. Re3 Bd7
40. Kg1 Be6 41. Kf2 Bd5 42. g3 a5 43. Ke1 a4 44. Kd2 Kf6 45. Kc3 Bg2 46. h4 Kf5
47. b3 Kg4 48. bxa4 bxa4 49. Kb4 Bf3 50. Kxa4 Kxg3 51. Re6 Kxh4 52. Rxg6 Bg4
53. Kb4 Kg3 54. a4 h4 55. a5 h3 56. Rh6 h2 57. Rxh2 Kxh2 58. a6 c5+ 59. Kxc5
Kg3 60. Kb6 Kf4 61. c4 Ke5 62. c5 Bf3 63. a7 Ba8 64. Kc7  1/2-1/2

[Event "Mezinarodni turnaj - CALLIDITAS OPEN"]
[Site "Plzen"]
[Date "2020.08.24"]
[Round "2"]
[Board "9"]
[White "Švanda, Radek"]
[Black "Kubát, Miroslav"]
[Result "1/2-1/2"]
[WhiteElo "1764"]
[BlackElo "2019"]
[PlyCount "120"]
[EventDate "2020.08.23"]
[EventRounds "9"]
[EventCountry "CZE"]

1. c4 e5 2. Nc3 Nc6 3. g3 g6 4. Bg2 Bg7 5. Nf3 f5 6. d3 Nf6 7. Bg5 O-O 8. Nd5
d6 9. O-O a5 10. a3 h6 11. Nxf6+ Bxf6 12. Bxh6 Rf7 13. h4 Bg7 14. Bxg7 Kxg7 15.
Ng5 Rf6 16. e3 Ne7 17. f4 c6 18. Qb3 Ng8 19. d4 e4 20. Rfd1 Nh6 21. Bh3 Rb8 22.
d5 c5 23. Qc3 Bd7 24. b4 b6 25. Rdb1 a4 26. bxc5 dxc5 27. Qe5 Nf7 28. Nxf7 Kxf7
29. Bf1 Be8 30. Rb2 Qd6 31. Rab1 Bd7 32. Be2 Kg7 33. Kf2 Kh6 34. Rg1 Re8 35.
Qxd6 Rxd6 36. g4 Rf8 37. gxf5 gxf5 38. Rbb1 Be8 39. Rg5 Rdf6 40. Rbg1 Bg6 41.
Bd1 Ra8 42. Be2 Raf8 43. Kg3 R8f7 44. h5 Bh7 45. Kh4 Rd7 46. Rb1 Rb7 47. Rgg1
Ra7 48. Rg5 Raf7 49. Rbg1 Rd7 50. Rd1 Rdf7 51. Bf1 Rd7 52. Bh3 Rdd6 53. Rg2 Rf7
54. Rb2 Ra7 55. Rdb1 Ra6 56. Rb5 Rf6 57. Rg1 Ra7 58. Rb2 Rd7 59. Rd2 Rfd6 60.
Rg5 Rf7  1/2-1/2

[Event "Mezinarodni turnaj - CALLIDITAS OPEN"]
[Site "Plzen"]
[Date "2020.08.24"]
[Round "2"]
[Board "10"]
[White "Folková, Martina"]
[Black "Vilímek, Vít"]
[Result "0-1"]
[WhiteElo "2001"]
[BlackElo "1761"]
[PlyCount "156"]
[EventDate "2020.08.23"]
[EventRounds "9"]
[EventCountry "CZE"]

1. e4 c5 2. Nf3 a6 3. c3 Nf6 4. e5 Nd5 5. d4 cxd4 6. cxd4 d6 7. Bc4 Nb6 8. Bb3
Bf5 9. O-O e6 10. Bg5 f6 11. Bh4 d5 12. exf6 gxf6 13. Ne5 Rg8 14. Re1 Qe7 15.
Qh5+ Bg6 16. Nxg6 hxg6 17. Qg4 Kf7 18. Nc3 Qd7 19. f4 Nc6 20. Bf2 Ne7 21. Re2
Nf5 22. Rae1 Re8 23. Qf3 Bb4 24. a3 Bxc3 25. Qxc3 Nd6 26. Bc2 f5 27. b3 Ne4 28.
Qb4 Qd6 29. Qxd6 Nxd6 30. Rd1 Ne4 31. Be1 Rc8 32. Rd3 Rc6 33. Rh3 Kg7 34. a4
Rgc8 35. Bxe4 dxe4 36. g4 Nd5 37. Bg3 Rc2 38. Rxc2 Rxc2 39. gxf5 exf5 40. Bh4
Nxf4 41. Re3 Ng2 42. Rh3 Nxh4 43. Rxh4 Rd2 44. Rh3 Rxd4 45. Rc3 b5 46. a5 Rd6
47. h4 Kh6 48. Rc8 Kh5 49. Rb8 Rd1+ 50. Kf2 Rd3 51. Rb6 Rxb3 52. Rxa6 Ra3 53.
Ke2 g5 54. hxg5 Kxg5 55. Ra8 Kf4 56. a6 Ra2+ 57. Kd1 e3 58. a7 e2+ 59. Ke1 Kf3
60. Re8 Rxa7 61. Re3+ Kg4 62. Rxe2 f4 63. Kf2 b4 64. Rb2 Ra3 65. Rxb4 Ra2+ 66.
Ke1 Kg3 67. Rb8 Ra1+ 68. Kd2 Kf2 69. Rg8 f3 70. Rg7 Kf1 71. Rg8 f2 72. Rg7 Ra8
73. Rg6 Rd8+ 74. Kc3 Rd5 75. Rg8 Ke2 76. Re8+ Kf3 77. Rf8+ Ke3 78. Kc2 Rd4  0-1

[Event "Mezinarodni turnaj - CALLIDITAS OPEN"]
[Site "Plzen"]
[Date "2020.08.24"]
[Round "2"]
[Board "11"]
[White "Navrátil, Ladislav"]
[Black "Nosek, Jan"]
[Result "1/2-1/2"]
[WhiteElo "1746"]
[BlackElo "1968"]
[PlyCount "88"]
[EventDate "2020.08.23"]
[EventRounds "9"]
[EventCountry "CZE"]

1. c4 g6 2. g3 c5 3. Bg2 Bg7 4. Nc3 Nc6 5. Nf3 d6 6. d3 e5 7. O-O Nge7 8. Ne1
Be6 9. Nd5 O-O 10. Nc2 Rb8 11. a4 Qd7 12. Bg5 f6 13. Bd2 Bh3 14. e4 Bxg2 15.
Kxg2 Rf7 16. h4 f5 17. f3 Rbf8 18. Qe2 h6 19. b4 Nd8 20. b5 Ne6 21. Rf2 h5 22.
Raf1 Kh7 23. f4 fxe4 24. Qxe4 exf4 25. Nxf4 Nxf4+ 26. Bxf4 d5 27. Qe2 Nf5 28.
Qf3 dxc4 29. dxc4 Nd4 30. Nxd4 Qxd4 31. Qd5 Rd7 32. Qe6 Rf6 33. Qe2 Rff7 34.
Bg5 Rxf2+ 35. Rxf2 Qe5 36. Qf3 Qc3 37. Qe4 Rd3 38. Bf4 Rd7 39. Qe6 Rd1 40. Qe7
Qe1 41. Qxe1 Rxe1 42. Bd6 Kg8 43. Bxc5 b6 44. Bd6 Ra1  1/2-1/2

[Event "Mezinarodni turnaj - CALLIDITAS OPEN"]
[Site "Plzen"]
[Date "2020.08.24"]
[Round "2"]
[Board "12"]
[White "Vantuch, Lucian"]
[Black "Cipl, Jan"]
[Result "1-0"]
[WhiteElo "1966"]
[BlackElo "1634"]
[PlyCount "39"]
[EventDate "2020.08.23"]
[EventRounds "9"]
[EventCountry "CZE"]

1. e4 e5 2. Nf3 Nc6 3. Bc4 Bc5 4. O-O Nf6 5. d4 Bxd4 6. Nxd4 Nxd4 7. f4 d6 8.
fxe5 dxe5 9. Bg5 Qd6 10. Bxf6 gxf6 11. c3 Qc5 12. Bxf7+ Kxf7 13. Qh5+ Ke7 14.
cxd4 Qxd4+ 15. Kh1 Qxe4 16. Nc3 Qc4 17. Qf3 f5 18. Nd5+ Kf8 19. Rac1 e4 20.
Qa3+  1-0

[Event "Mezinarodni turnaj - CALLIDITAS OPEN"]
[Site "Plzen"]
[Date "2020.08.24"]
[Round "2"]
[Board "13"]
[White "Cížek, Jan"]
[Black "Bassani, Eduardo"]
[Result "1-0"]
[WhiteElo "1645"]
[BlackElo "1957"]
[PlyCount "65"]
[EventDate "2020.08.23"]
[EventRounds "9"]
[EventCountry "CZE"]

1. e4 e5 2. Nc3 Bc5 3. Bc4 Nf6 4. d3 O-O 5. f4 d5 6. Nxd5 Ng4 7. b4 Qh4+ 8. g3
Bf2+ 9. Kf1 Bxg3 10. hxg3 Qxh1 11. f5 h5 12. Nxc7 Qh2 13. Qf3 Qxc2 14. Qe2 Qa4
15. Bd2 Qd7 16. Nxa8 Nc6 17. Nf3 b6 18. a4 Bb7 19. Nxb6 axb6 20. a5 bxa5 21.
bxa5 Ra8 22. a6 Qc8 23. Ng5 Bxa6 24. Bxf7+ Kh8 25. Kg2 Nd4 26. Qxg4 g6 27. Qd1
Kg7 28. Bxg6 Bxd3 29. Rxa8 Qxa8 30. Qxh5 Bxe4+ 31. Kf2 Kf6 32. Nxe4+ Qxe4 33.
Bg5+  1-0

[Event "Mezinarodni turnaj - CALLIDITAS OPEN"]
[Site "Plzen"]
[Date "2020.08.24"]
[Round "2"]
[Board "14"]
[White "Bechynský, Jan"]
[Black "Schoeppe, Christian"]
[Result "1-0"]
[WhiteElo "1955"]
[BlackElo "1528"]
[PlyCount "25"]
[EventDate "2020.08.23"]
[EventRounds "9"]
[EventCountry "CZE"]

1. e4 e5 2. Nf3 Nf6 3. Nxe5 Qe7 4. Nf3 Nxe4 5. Be2 Nc6 6. O-O d6 7. Nc3 Nxc3 8.
dxc3 Be6 9. Re1 h6 10. Bb5 Qd7 11. Nd4 Be7 12. Qf3 O-O 13. Nxc6  1-0

[Event "Mezinarodni turnaj - CALLIDITAS OPEN"]
[Site "Plzen"]
[Date "2020.08.24"]
[Round "2"]
[Board "15"]
[White "Hodl, Vojtech"]
[Black "Hrdlica, Pavel"]
[Result "0-1"]
[WhiteElo "1079"]
[BlackElo "1952"]
[PlyCount "76"]
[EventDate "2020.08.23"]
[EventRounds "9"]
[EventCountry "CZE"]

1. e4 e6 2. d4 d5 3. e5 c5 4. c3 Nc6 5. Nf3 Bd7 6. Be2 Qb6 7. b3 cxd4 8. cxd4
Bb4+ 9. Bd2 Nxd4 10. O-O Nxf3+ 11. Bxf3 Qd4 12. Bxb4 Qxb4 13. a3 Qb6 14. Nc3
Ne7 15. Rb1 O-O 16. Qd3 Nc6 17. Rfe1 Rac8 18. Na4 Qd4 19. Qe2 b5 20. Nb2 Rc7
21. Rbc1 Rfc8 22. Rc2 Nxe5 23. Rxc7 Nxf3+ 24. Qxf3 Rxc7 25. Nd3 Rc3 26. Re3 e5
27. Qe2 f6 28. Kh1 Rxb3 29. h3 Rxa3 30. Kh2 b4 31. Nb2 Rxe3 32. fxe3 Qb6 33.
Qd3 Qb5 34. Qb3 a5 35. e4 a4 36. Qxd5+ Qxd5 37. exd5 a3 38. Nd3 a2  0-1

[Event "Mezinarodni turnaj - CALLIDITAS OPEN"]
[Site "Plzen"]
[Date "2020.08.24"]
[Round "2"]
[Board "16"]
[White "Nandi, Robin J"]
[Black "Bullen, Alex"]
[Result "0-1"]
[WhiteElo "1902"]
[BlackElo "2116"]
[PlyCount "70"]
[EventDate "2020.08.23"]
[EventRounds "9"]
[EventCountry "CZE"]

1. d4 d5 2. c4 e6 3. Nf3 Nf6 4. g3 Bb4+ 5. Bd2 Be7 6. Bg2 O-O 7. O-O Nbd7 8.
Nc3 dxc4 9. e4 Nb6 10. Be3 c6 11. Ne5 Nfd7 12. Qe2 Nxe5 13. dxe5 Nd7 14. f4 b5
15. a4 b4 16. Nb1 a5 17. Nd2 c3 18. bxc3 bxc3 19. Nc4 Ba6 20. Rfd1 Qc7 21. Qa2
Bb4 22. Nd6 Nb6 23. Rac1 Rfd8 24. Qf2 Nxa4 25. Ra1 Bxd6 26. exd6 Rxd6 27. Rdc1
Bb5 28. e5 Rd7 29. Qc2 Rd3 30. Bf2 Rd2 31. Qe4 Rad8 32. Bf3 c2 33. Be3 Nc3 34.
Bxd2 Nxe4 35. Bxa5 Qa7+  0-1

[Event "Mezinarodni turnaj - CALLIDITAS OPEN"]
[Site "Plzen"]
[Date "2020.08.24"]
[Round "2"]
[Board "17"]
[White "Pacl, Václav"]
[Black "Dudová, Pavlína"]
[Result "1-0"]
[WhiteElo "2021"]
[BlackElo "1496"]
[PlyCount "33"]
[EventDate "2020.08.23"]
[EventRounds "9"]
[EventCountry "CZE"]

1. b3 e5 2. Bb2 Nc6 3. e3 d5 4. Bb5 Bd6 5. c4 Be6 6. Nf3 f6 7. cxd5 Bxd5 8. Nc3
Bxf3 9. Qxf3 Nge7 10. O-O a6 11. Bc4 Qd7 12. Rfd1 Bc5 13. d4 exd4 14. Qh5+ g6
15. Qxc5 b6 16. Qa3 Qc8 17. Nd5  1-0

[Event "Mezinarodni turnaj - CALLIDITAS OPEN"]
[Site "Plzen"]
[Date "2020.08.24"]
[Round "2"]
[Board "18"]
[White "Molnár, Ladislav"]
[Black "Macho, Miloslav"]
[Result "1/2-1/2"]
[WhiteElo "1698"]
[BlackElo "1661"]
[PlyCount "65"]
[EventDate "2020.08.23"]
[EventRounds "9"]
[EventCountry "CZE"]

1. e4 Nf6 2. e5 Nd5 3. c4 Nb6 4. d4 d6 5. Nf3 Nc6 6. exd6 exd6 7. Be2 Be7 8.
O-O O-O 9. Be3 Bf5 10. Nc3 Bf6 11. a3 Re8 12. b4 d5 13. c5 Nc4 14. Bxc4 dxc4
15. b5 Na5 16. Ne1 Nb3 17. Ra2 Bxd4 18. Qf3 Bxc3 19. Qxf5 Nd2 20. Bxd2 Bxd2 21.
Nf3 Bh6 22. Rc2 Qd3 23. Qxd3 cxd3 24. Rb2 Rad8 25. Rd1 g6 26. Rb3 d2 27. Kf1
Rd5 28. Rc3 Red8 29. Rc2 Rd3 30. a4 R3d5 31. c6 b6 32. Ke2 Re8+ 33. Kf1  1/2-1/2

[Event "Mezinarodni turnaj - CALLIDITAS OPEN"]
[Site "Plzen"]
[Date "2020.08.24"]
[Round "2"]
[Board "19"]
[White "Kratochvílová, Magdalena"]
[Black "Hoke, Petr"]
[Result "0-1"]
[WhiteElo "1580"]
[BlackElo "1980"]
[PlyCount "58"]
[EventDate "2020.08.23"]
[EventRounds "9"]
[EventCountry "CZE"]

1. e4 g6 2. d4 Bg7 3. Nf3 d6 4. Bd3 Nd7 5. O-O a6 6. a4 b6 7. c3 Bb7 8. Re1 c5
9. Be3 Ngf6 10. Nbd2 Ng4 11. Bf4 O-O 12. h3 Ngf6 13. Nf1 cxd4 14. cxd4 Nh5 15.
Be3 e5 16. b4 d5 17. exd5 Bxd5 18. dxe5 Bxf3 19. gxf3 Bxe5 20. Rc1 Nf4 21. Bxf4
Bxf4 22. Be4 Qg5+ 23. Kh1 Rad8 24. Rc2 Nc5 25. Qe2 Ne6 26. Rc4 Qh4 27. Kg2 b5
28. axb5 axb5 29. Rc3 Be5  0-1